The safety of foods

Gardado en:
Detalles Bibliográficos
Main Authors: Ayres, J. C (Author), Blood, F. R (Author), Chichester, C. O (Author), Graham, H. D (Author), McCutcheon, R. S (Author), Powers, J. J (Author), Schweigert, B. S (Author), Stevens, A. D (Author), Zweig, G (Author)
Formato: Libro
Idioma:inglés
Publicado: Westport Avi 1968
Subjects:
Tags: Engadir etiqueta
Sen Etiquetas, Sexa o primeiro en etiquetar este rexistro!

MARC

LEADER 00000nam a2200000 a 4500
001 UCU7263
003 CL-VaPUC
005 20230912131926.0
008 960628e19680000us 1 eng d
082 0 4 |a 664.096  |b AYR  |2 21 
100 1 |a Ayres, J. C  |e author  |9 617876 
700 1 |a Blood, F. R  |e author  |9 617877 
700 1 |a Chichester, C. O  |e author  |9 617878 
700 1 |a Graham, H. D  |e author  |9 617879 
700 1 |a McCutcheon, R. S  |e author  |9 617880 
700 1 |a Powers, J. J  |e author  |9 617881 
700 1 |a Schweigert, B. S  |e author  |9 617882 
700 1 |a Stevens, A. D  |e author  |9 617883 
700 1 |a Zweig, G  |e author  |9 617884 
245 1 4 |a The safety of foods 
260 |a Westport  |b Avi  |c 1968 
300 |a 367 p 
583 |a last modification  |c 19960628 00:00:00  |k Rodrigo Vera 
650 0 7 |a TECNOLOGIA DE ALIMENTOS  |2 CL-VaPUC  |9 617885 
650 0 0 |a Alimentos  |9 256203 
650 0 7 |a HIGIENE DE LOS ALIMENTOS  |2 CL-VaPUC  |9 310083 
650 0 0 |a Legislación alimentaria   |9 617886 
650 0 0 |a Análisis de alimentos  |9 361130 
650 0 7 |a CONSERVANTES PARA ALIMENTOS  |2 CL-VaPUC  |9 365876 
942 |c BK 
945 |a paguirre  |d 19960628 00:00:00 
546 |a En Inglés 
518 |p International Symposium on the Safety and Importance of Foods in the Western Hemisphere, Mayagüez, 1968 
999 |c 382691  |d 382689 
952 |0 0  |1 0  |4 0  |6 664_096000000000000_AYR_1968  |7 0  |8 A  |9 504508  |a BIBING  |b BIBING  |d 2020-01-23  |i 1699415  |o 664.096 AYR 1968  |p 1699415  |r 2025-01-20  |w 2020-01-23  |y BK  |k EIB 
952 |0 0  |1 0  |4 0  |6 664_096000000000000_AYR_1968  |7 0  |8 A  |9 504509  |a BIBALI  |b BIBALI  |c GEN  |d 2020-01-23  |i 1975463  |o 664.096 AYR 1968  |p 1975463  |r 2025-01-20  |w 2020-01-23  |y BK  |k ALI